00548nam a2200145Ia 4500008004100000020001800041050002100059100001700080245008200097260003500179300001600214500004800230650007900278700004500357120626s9999 xx 000 0 und d a968-444-495-8 aQA76.73C15 Z4318 aZHANG, Tony. aAprendiendo C en 24 horas / Tony Zhang ; traduccion Sergio Kourchenko Barrena aMéxico : Pearson Educación axvi, 529 p. aTraduccion de: Teach yourself C in 24 hours aC (LENGUAJE DE PROGRAMACIÓN PARA COMPUTADORA) - INSTRUCCIÓN PROGRAMADA aKOURCHENKO BARRERA, Sergio, traductorÌ